| 000 | 00650nam a2200181Ia 4500 | ||
|---|---|---|---|
| 008 | 090124s9999 xx 000 0 und d | ||
| 082 | _b32598 | ||
| 100 | _aमहाजन सुलक्षणा | ||
| 245 | _a अर्थसृष्टी : भाव आणि स्वभाव | ||
| 250 | _a1 | ||
| 260 | _c2004 | ||
| 300 | _a216 | ||
| 600 | _aमहाजन सुलक्षणा | ||
| 630 | _a अर्थसृष्टी : भाव आणि स्वभाव | ||
| 700 | _aमहाजन सुलक्षणा | ||
| 730 | _a अर्थसृष्टी : भाव आणि स्वभाव | ||
| 942 | _cBOOK | ||
| 999 |
_c178587 _d178587 |
||